000 00913nam a22002657a 4500
003 OSt
005 20260601171016.0
008 260508b\\\\\\\\mx\a||||\||||\00|\0\eng\d
040 _aICI
_bspa
_cICI
041 _aspa
050 _aPQ6437.B3
_bG35 1604
100 1 _aBalbuena, Bernardo de,
_d1562-1627,
_eautor.
_934031
245 1 _aLos galeones de la plata /
_cBernardo de Balbuena.
300 _a50 Páginas :
490 0 _aLiteratura colonial hispanoamericana
500 _aObra atribuida a Bernardo de Balbuena.
650 _aLiteratura barroca española.
_934032
650 _aPoesía española
_ySiglo XVII.
_934033
650 _aGaleones
_xHistoria.
_911159
650 _aPlata
_xComercio
_xHistoria.
_934034
650 _aNueva España
_xHistoria colonial.
_934035
651 _aEspaña
_xComercio colonial.
_934036
651 _aMéxico
_xHistoria
_yÉpoca colonial, 1540-1810.
_934037
942 _2lcc
_cB
_n1
999 _c20713
_d20713